书目信息 |
| 题名: |
职业院校教师职业道德修养
|
|
| 作者: | 秦丽君 , 李春秋 主编 | |
| 分册: | ||
| 出版信息: | 北京 北京师范大学出版社 2015 |
|
| 页数: | 204页 | |
| 开本: | 24cm | |
| 丛书名: | ||
| 单 册: | ||
| 中图分类: | G715 | |
| 科图分类: | ||
| 主题词: | 高等职业教育--gao deng zhi ye jiao yu--师德--研究 | |
| 电子资源: | ||
| ISBN: | 978-7-303-19217-5 | |
| 000 | 00779nam0 2200253 450 | |
| 001 | 012001003805 | |
| 005 | 20131027092247.0 | |
| 010 | @a978-7-303-19217-5@dCNY28.00 | |
| 099 | @aCAL 012015155047 | |
| 100 | @a20151015d2015 ekmy0chiy0120 ea | |
| 101 | 0 | @achi |
| 102 | @aCN@b110000 | |
| 105 | @aa z 000yy | |
| 106 | @ar | |
| 200 | 1 | @a职业院校教师职业道德修养@Azhi ye yuan xiao jiao shi zhi ye dao de xiu yang@f秦丽君, 李春秋主编 |
| 210 | @a北京@c北京师范大学出版社@d2015 | |
| 215 | @a204页@c图@d24cm | |
| 320 | @a有书目 (第203页) | |
| 606 | 0 | @a高等职业教育@Agao deng zhi ye jiao yu@x师德@x研究 |
| 690 | @aG715@v5 | |
| 701 | 0 | @a秦丽君@Aqin li jun@4主编 |
| 701 | 0 | @a李春秋@Ali chun qiu@4主编 |
| 801 | 2 | @aCN@b江苏凤凰@c20191020 |
| 905 | @b1227643-6@dG715@e54@f4 | |
| 职业院校教师职业道德修养/秦丽君, 李春秋主编.-北京:北京师范大学出版社,2015 |
| 204页:图;24cm |
| ISBN 978-7-303-19217-5:CNY28.00 |
| ● |
| 相关链接 |
|
|
|
|
正题名:职业院校教师职业道德修养
索取号:G715/54
 
预约/预借
| 序号 | 登录号 | 条形码 | 馆藏地/架位号 | 状态 | 备注 |
| 1 | 1227643 | 212276437 | 第一样本阅览室/ [索取号:G715/54] | 在馆 | |
| 2 | 1227644 | 212276446 | 教育系资料室/ [索取号:G715/54] | 在馆 | |
| 3 | 1227645 | 212276455 | 教育系资料室/ [索取号:G715/54] | 在馆 | |
| 4 | 1227646 | 212276464 | 第四借阅区/ [索取号:G715/54] | 在馆 |